Shakespeare's Sonnet 130 Quiz Stats

Quiz not verified by Sporcle

Challenge
Share
Tweet
Embed
Score 0/123 Timer 08:00
0 Plays Today
Words % Correct
the
98.8%
and
98.8%
And
98.8%
the
98.8%
a
98.8%
a
98.8%
the
98.8%
And
98.8%
I
96.6%
I
96.6%
I
96.6%
I
96.6%
I
96.6%
I
96.6%
I
96.6%
My
92.9%
my
92.8%
My
92.8%
my
92.8%
no
92.5%
are
91.9%
are
91.9%
her
91.4%
her
91.4%
her
91.4%
her
91.4%
her
91.4%
eyes
90.7%
If
90.7%
be
90.7%
If
90.7%
be
90.7%
is
89.5%
is
89.5%
sun;
88.9%
like
88.7%
mistress'
88%
mistress
88%
mistress,
88%
on
87.2%
on
87.2%
Words % Correct
nothing
86.9%
red
86.2%
red;
86.2%
red
86.2%
lips'
86.1%
more
85.9%
more
85.9%
more
85.9%
than
85.3%
Than
85.3%
love
84.3%
love
84.3%
in
83.6%
in
83.6%
in
83.6%
then
83.5%
see
82.8%
white,
82.2%
white,
82.2%
dun;
81.6%
far
81.3%
black
81.3%
far
81.3%
wires,
80.8%
wires
80.8%
head.
80.8%
she
80.7%
she
80.7%
breasts
80%
Coral
79.5%
that
79.2%
That
79.2%
But
78.8%
why
78.7%
grow
78.4%
roses
77.6%
roses
77.6%
when
77.2%
to
76.9%
snow
76.8%
cheeks;
76.6%
Words % Correct
have
76.3%
from
74.9%
hairs
73.8%
go;
73.3%
reeks.
73.1%
breath
72.9%
seen
72.8%
hear
72.2%
compare.
71.9%
such
71.3%
walks,
71.3%
ground:
70.8%
speak,
70.7%
yet
70.7%
yet,
70.7%
sound;
70.3%
music
69.7%
know
69.3%
treads
68.9%
as
68.5%
As
68.5%
with
68.4%
false
67.3%
never
66.8%
hath
66.7%
pleasing
66.7%
damask'd,
66.3%
there
66.2%
saw
64.6%
goddess
64.6%
any
63.5%
rare
62.9%
some
61.8%
think
61%
perfumes
60.7%
by
60.5%
belied
59.3%
well
59.2%
delight
58.9%
grant
55.4%
heaven,
50.4%

You're not logged in!

Compare scores with friends on all Sporcle quizzes.
Sign Up with Email
OR
Log In

You Might Also Like...

Show Comments

Extras

Top Quizzes Today


Score Distribution

Your Account Isn't Verified!

In order to create a playlist on Sporcle, you need to verify the email address you used during registration. Go to your Sporcle Settings to finish the process.